| 000 | 00498nam a2200145Ia 4500 | ||
|---|---|---|---|
| 008 | 170221s9999 xx 000 0 und d | ||
| 100 | _aMichael G. Brizek | ||
| 245 | _aExplaining corporate entrepreneurship: a contemporary literature investigation | ||
| 245 | _cMichael G. Brizek, South Carolina State University. | ||
| 260 | _bJournal of Management and Marketing Research | ||
| 260 | _c2012 | ||
| 300 | _a32 : 19 | ||
| 650 | _xBusiness | ||
| 856 | _uhttp://www.aabri.com/manuscripts/131617.pdf | ||
| 999 |
_c311416 _d311416 |
||